Nhìn lại quá trình đổi mới tư duy lý luận của Đảng 1986-2005

محفوظ في:
التفاصيل البيبلوغرافية
التنسيق: كتاب
الوسوم: إضافة وسم
لا توجد وسوم, كن أول من يضع وسما على هذه التسجيلة!
Thư viện lưu trữ: Mạng thư viện Đại học Đà Nẵng
LEADER 00662nam a2200217 4500
001 000007533
003 3696
005 20150812140810.0
008 111005s sd
082 1 |a 324.25970755  |b Nhi 
245 0 0 |a Nhìn lại quá trình đổi mới tư duy lý luận của Đảng 1986-2005 
774 |d H.  |d Lý luận Chính trị  |d 2005  |g T.1  |h 447 tr.  |w 3698 
774 |d H.  |d Lý luận Chính trị  |d 2005  |g T.2  |h 549 tr.  |w 3700 
OWN |a LSP 
999 |a From the UDN01 
TYP |a Monograph 
TYP |a Printed language 
980 |a Mạng thư viện Đại học Đà Nẵng